Electoral Votes (All Time) Quiz Stats

 Plays Quiz Updated Dec 15, 2020

Support Sporcle.
Go Orange.
Score 0/120 Timer 13:00
4 Plays Today
Votes Candidate % Correct
594George H.W. Bush
96.7%
557George W. Bush
96.7%
227Hillary Clinton
96%
1876Franklin D. Roosevelt
95.5%
749Bill Clinton
95%
16George Clinton
94.5%
89DeWitt Clinton
94.5%
424Theodore Roosevelt
94%
1040Richard Nixon
93.2%
697Barack Obama
93.1%
536Donald Trump
92.4%
1015Ronald Reagan
92.3%
203George Washington
91.5%
306Joe Biden
90.8%
247John Adams
89.9%
168John Q. Adams
89.9%
15Samuel Adams
89.4%
303John F. Kennedy
88.9%
392Abraham Lincoln
88.7%
486Lyndon B. Johnson
88.5%
1Benjamin Lincoln
88.2%
899Dwight D. Eisenhower
87.5%
307Thomas Jefferson
86.7%
346Jimmy Carter
85.7%
266Al Gore
83.4%
496Andrew Jackson
82.8%
503Herbert Hoover
81.9%
240Gerald Ford
81%
712Woodrow Wilson
80.8%
206Mitt Romney
79.4%
329William H. Taft
79.3%
303Harry S Truman
78.9%
500Ulysses S. Grant
78.4%
411James Monroe
77.3%
250James Madison
77.2%
664Grover Cleveland
76.1%
173John McCain
75.9%
382Calvin Coolidge
75%
378Benjamin Harrison
74.6%
307William H. Harrison
74.5%
Votes Candidate % Correct
6Robert H. Harrison
74.3%
563William McKinley
73.5%
251John Kerry
72.9%
170James K. Polk
69.8%
230Martin Van Buren
67.6%
404Warren G. Harding
66.9%
163Zachary Taylor
66.7%
159Bob Dole
63.6%
254Franklin Pierce
63.3%
214James Garfield
62.9%
174James Buchanan
62.1%
185Rutherford B. Hayes
61.2%
8Millard Fillmore
56.6%
288Thomas E. Dewey
56.2%
1Bernie Sanders
54.3%
87Al Smith
54.2%
111Michael Dukakis
53.5%
13Walter Mondale
52.7%
162Adlai Stevenson
48.7%
493William J. Bryan
47.1%
104Aaron Burr
45.2%
191Hubert Humphrey
44.4%
52Barry Goldwater
42.8%
17George McGovern
40.7%
3Colin Powell
40.1%
1John Kasich
39.4%
191Henry Clay
39.4%
1Faith Spotted Eagle
38.8%
46George Wallace
38.1%
1Ron Paul
37.9%
12Stephen A. Douglas
36.3%
184Samuel J. Tilden
29.3%
1John Edwards
29.3%
136John W. Davis
28.9%
1David Davis
28.8%
39Strom Thurmond
28.7%
1Walter Jones
28.3%
155Winfield Hancock
25.4%
4John Hancock
25.4%
8Alf Landon
24.7%
Votes Candidate % Correct
82Wendell Willkie
23.2%
254Charles E. Hughes
22.7%
72John C. Breckinridge
22.6%
21George B. McClellan
22.3%
15John Jay
21.2%
18Benjamin G. Brown
21%
39John Bell
20.5%
127James M. Cox
20.2%
114John C. Fremont
20%
14Daniel Webster
19.4%
26Hugh L. White
19.4%
182James G. Blaine
19.2%
42Winfield Scott
19%
34Rufus King
19%
126Charles C. Pinckney
18.5%
59Thomas Pinckney
18.4%
3Horace Greeley
17.7%
140Alton B. Parker
17.2%
13Robert M. La Follette
15.8%
127Lewis Cass
15.5%
1Lloyd Bentsen
15.4%
15Harry Byrd
14.3%
80Horatio Seymour
13.8%
2John Henry
13.5%
41William H. Crawford
12.3%
22James Weaver
11.6%
42Thomas A. Hendricks
10.1%
6John Rutledge
9.8%
7William Wirt
9.7%
1John G. Hospers
9.5%
2Samuel Johnston
9.4%
11Oliver Ellsworth
8.6%
11Willie P. Mangum
8.4%
11John Floyd
8%
1James Armstrong
7.8%
2Charles J. Jenkins
7.6%
3James Iredell
7.5%
1Edward Telfair
7.2%
2Samuel Huntington
7.2%
2John Milton
7.1%

From the Vault

Movies Missing 'K' Words

by kfastic

Movies 3m
Will you be the King of movie trivia today?
Remove Ads.
Support Sporcle.
Get the best of Sporcle when you Go Orange. This ad-free experience offers more features, more stats, and more fun while also helping to support Sporcle. Thank you for becoming a member.

Show Comments

Extras

Top Quizzes Today


Score Distribution

Your Account Isn't Verified!

In order to create a playlist on Sporcle, you need to verify the email address you used during registration. Go to your Sporcle Settings to finish the process.

Report this User

Report this user for behavior that violates our Community Guidelines.

Details: